000
00325 a2200157 4500
001
190183
020
_a
85-87042-20-3
040
_c
Magnum
100
_a
Castro, Ricardo Gomes Ribeiro de
240
1
0
_a
Eduarda
_l
por
245
1
0
_a
Eduarda
300
_a
24
362
0
_a
1999
697
_a
LITERATURA INFANTO
942
_c
BK
999
_c
190183
_d
190183